000 00596nam a2200181Ia 4500
005 20250508155936.0
008 008 250505s9999 xx 000 0 eng d
037 _aBooks to be hide in OPAC
040 _aFEDL
_beng
_cFEDL
041 _aeng
_2eng
084 _a378.42, UNI
_qFEDL
245 0 _aReturns from Universities and University colleges in receipt of treasury grant academic year 1949-1950
245 0 _cUniversity Grants Committee
260 _aLondon, UK
_bHis Majesty's Stationery Office
300 _a37p.
942 _cHB
_h378.42, UNI
999 _c1360266
_d1360266